000 00665nam a2200217 a 4500
003 PILC
005 20150818135327.0
008 100716s19uu xx 00 eng d
020 _a9812471049
020 _a0321311957
050 _aHD 82
_b.T552 2006
082 _aESF 338.9
_bT56 2003
100 _aTodaro, Michael P.
_910475
245 _aEconomic development /
_cMichael P. Todaro, Stephen C. Smith.
250 _a9th edition.
260 _aSingapore :
_bPearson Education South Asia Pte Ltd,
_c2006.
300 _a843 pages :
_billustration ;
_c24 cm.
650 _aEconomics -development
_910476
700 _aSmith, Stephen C.
_910477
942 _2lcc
_cBK
999 _c14365
_d14365